Estadísticas para Top 10 Países Europeos por Línea Costera

Haz click aquí para tomar la prueba!

Estadísticas generales

  • Esta prueba ha sido tomada 4.067 veces
  • La puntuación promedio es 9 de 10

Estadísticas de respuestas

KilómetrosPaís% Correcto
4,964España
98%
7,600Italia
97%
25,148Noruega
97%
4,853Francia
96%
13,676Grecia
93%
12,429Reino Unido
93%
14,000?Rusia
92%
7,314Dinamarca
81%
4,970Islandia
71%
7,368Croacia
63%

Distribución de puntuación

Porcentaje por número respondido

Porcentaje de gente con cada puntuación

Historial de tus puntuaciones

No has tomado esta prueba